000 00460nam a2200157 a 4500
001 000025388
005 20200930023743.0
008 110215s1972 kn acd r 000 0 spa d
040 _aDO-SdBNP
_bspa
_cBNPHU
082 _axxxxx
_bP235K
100 1 _aKil Joun-Sik
_951976
245 1 0 _aPark Chung Hee president of all the people /
_cKil Joun-Sik.
260 _aKorea :
_bKil Joun Sik,
_c1972.
300 _a171 p. :
_bil, retrs., diagrs. ;
_c21 cm.
049 _aBNGR
999 _c24880
_d24880